[Event "DVM U12 2010"]
[Site "Templin OT Groß Dölln GER"]
[Date "2010.12.30"]
[Round "7"]
[White "Hummel, Jeremias"]
[Black "Fuchs, Sebastian"]
[Result "0-1"]
[Termination "normal"]
[Board "5.4"]
[WhiteElo "1141"]
[BlackElo "1363"]
[WhiteTeam "SG Turm Leipzig"]
[BlackTeam "USV TU Dresden"]
[EventCountry "GER"]
[EventRounds "7"]
[EventType "team-swiss"]
[EventDate "2010.12.26"]

1. e4 e5 2. Nf3 Nc6 3. Bc4 Be7 4. Nc3 Nf6 5. d3 d6 6. Be3 a6 7. Qd2 Bd7 8.
O-O-O h6 9. Kb1 Be6 10. Bb3 Bxb3 11. cxb3 Qd7 12. Rc1 O-O-O 13. a3 Kb8 14. b4
Ng4 15. b5 axb5 16. Nxb5 f5 17. Qe2 Nxe3 18. Qxe3 f4 19. Qe2 Rc8 20. g3 g5 21.
Nd2 Bf6 22. f3 Nd8 23. Nc3 Ne6 24. Nd5 Rhf8 25. Nc4 Bd8 26. Qd2 Nd4 27. Qa5 Nb3
28. Qb4 Nxc1 29. Rxc1 fxg3 30. hxg3 Rxf3 31. Na5 c5 32. Qc3 Bxa5 33. Qxa5 Rc6
34. Nb6 Rxb6 35. Qxb6 Qc7 36. Qb3 Rxg3 37. Qg8+ Ka7 38. Qc4 Qc6 39. Qe6 Rxd3
40. Qxh6 Qxe4 41. Qxg5 Rxa3+ 42. Rc2 Re3 43. Qg2 Qxg2 44. Rxg2 d5 45. Rd2 d4
46. b3 Rxb3+ 0-1

[Event "DVM U12 2010"]
[Site "Templin OT Groß Dölln GER"]
[Date "2010.12.30"]
[Round "7"]
[White "Sabirov, Ramil"]
[Black "Kasel, Ronaldo"]
[Result "1/2-1/2"]
[Termination "normal"]
[Board "6.1"]
[WhiteElo "1720"]
[BlackElo "1618"]
[WhiteTeam "SG Porz"]
[BlackTeam "SG Trier"]
[WhiteFideId "12900303"]
[BlackFideId "24660949"]
[EventCountry "GER"]
[EventRounds "7"]
[EventType "team-swiss"]
[EventDate "2010.12.26"]

1. e4 e5 2. Nf3 Nc6 3. Bb5 a6 4. Bxc6 dxc6 5. O-O Bd6 6. d4 Qe7 7. Re1 Bg4 8.
Be3 Nf6 9. Nbd2 b5 10. c3 O-O 11. Qe2 Nd7 12. h3 Bh5 13. b3 c5 14. d5 Nb6 15.
c4 h6 16. Rac1 Nd7 17. Qd3 Rab8 18. Nh2 Bg6 19. f3 f5 20. Rf1 f4 21. Bf2 Qg5
22. Rfd1 Be8 23. Nhf1 Rf6 24. cxb5 Rg6 25. g4 fxg3 26. Nxg3 h5 27. Kf1 Nf6 28.
Ke2 Bxb5 29. Nc4 Nh7 30. Rg1 Nf8 31. Nf5 Qf6 32. a4 Bd7 33. Nce3 Rxg1 34. Rxg1
Ng6 35. Bg3 Re8 36. Qc3 Kh8 37. Rg2 Bf8 38. Kd3 Qf7 39. Ke2 Qf6 40. Kd3 Qf7 41.
Ke2 Qf6 42. Kd3 Kh7 43. Rf2 Nh8 44. Bh4 Qf7 45. Bg3 Qf6 1/2-1/2

[Event "DVM U12 2010"]
[Site "Templin OT Groß Dölln GER"]
[Date "2010.12.30"]
[Round "7"]
[White "Röhlich, Philipp"]
[Black "Brungs, Sven"]
[Result "1-0"]
[Termination "normal"]
[Board "6.2"]
[WhiteElo "1711"]
[BlackElo "1191"]
[WhiteTeam "SG Trier"]
[BlackTeam "SG Porz"]
[WhiteFideId "24692832"]
[BlackFideId "12946257"]
[EventCountry "GER"]
[EventRounds "7"]
[EventType "team-swiss"]
[EventDate "2010.12.26"]

1. Nf3 Nf6 2. g3 d5 3. Bg2 c6 4. O-O Bg4 5. d4 Nbd7 6. b3 e6 7. Bb2 Be7 8. Nbd2
O-O 9. c4 Rc8 10. Re1 Re8 11. e4 Bb4 12. e5 Ne4 13. Nxe4 Bxe1 14. Nd6 Ba5 15.
Nxb7 Qb6 16. Nd6 Red8 17. c5 Qb8 18. Nxc8 Rxc8 19. Qc2 Bf5 20. Qe2 Qb7 21. Nh4
Bg6 22. Nxg6 hxg6 23. Qd3 Rb8 24. f4 Bc7 25. Bc3 a5 26. Rb1 Qa7 27. a3 a4 28.
b4 Rb5 29. Bf1 Qa8 30. Qc2 Rb8 31. b5 Kf8 32. b6 Nxb6 33. cxb6 Bxb6 34. Bb4+
Kg8 35. Qc3 Ba5 36. Bd3 Bb6 37. Kg2 Rc8 38. Rc1 c5 39. Qc2 c4 40. Be2 Bxd4 41.
Be1 Be3 42. Bd2 Bxd2 43. Qxd2 d4+ 44. Bf3 Qa7 45. Qb4 c3 46. Be4 Rb8 47. Qc4
Rb2+ 48. Rc2 Rb3 49. Qc8+ Kh7 50. Qf8 Qd7 51. Bd3 Qd5+ 52. Kf2 Qh1 53. Qxf7
Qxh2+ 54. Kf3 Qh1+ {=} 55. Rg2 Qh5+ 56. Ke4 Qf5+ 57. Qxf5 gxf5+ 58. Kxd4 Rxa3
59. Rc2 Ra1 60. Bc4 Kg6 61. Bxe6 a3 62. Kxc3 Rg1 63. Re2 Rxg3+ 64. Kc2 Rg4 65.
Rf2 Rg3 66. Kb1 Rg1+ 67. Ka2 Rg3 68. Bb3 Kh5 69. Bd1+ Kg6 70. Rf3 Rg2+ 71. Kxa3
Rd2 72. Rg3+ Kf7 73. Bb3+ Kf8 74. Rh3 Rf2 75. Rh4 Rf3 76. Kb4 Re3 77. Bd5 g5
78. Rh8+ Kg7 79. Rg8+ Kh6 80. Rxg5 1-0

[Event "DVM U12 2010"]
[Site "Templin OT Groß Dölln GER"]
[Date "2010.12.30"]
[Round "7"]
[White "Ramien, David"]
[Black "Bauer, Lukas"]
[Result "0-1"]
[Termination "normal"]
[Board "6.3"]
[WhiteElo "1237"]
[BlackElo "1571"]
[WhiteTeam "SG Porz"]
[BlackTeam "SG Trier"]
[WhiteFideId "12948241"]
[BlackFideId "12907715"]
[EventCountry "GER"]
[EventRounds "7"]
[EventType "team-swiss"]
[EventDate "2010.12.26"]

1. e4 d5 2. exd5 Nf6 3. d4 Nxd5 4. Nf3 Bf5 5. c4 Nb6 6. c5 Nd5 7. Qb3 b6 8.
Bb5+ c6 9. cxb6 axb6 10. Bc4 e6 11. Nc3 Nb4 12. O-O Bc2 13. Bg5 f6 14. Rfe1
Bxb3 15. Rxe6+ Be7 16. Rae1 Bxc4 17. Rxe7+ Qxe7 18. Rxe7+ Kxe7 19. Bd2 Nxa2 20.
Nxa2 Rxa2 21. Bb4+ Ke6 22. d5+ Kxd5 23. Nd2 Ra1+ 24. Nf1 Rxf1# 0-1

[Event "DVM U12 2010"]
[Site "Templin OT Groß Dölln GER"]
[Date "2010.12.30"]
[Round "7"]
[White "Bach, Marc-Andre"]
[Black "Yang, Daniel Danyang"]
[Result "1-0"]
[Termination "normal"]
[Board "6.4"]
[WhiteElo "1682"]
[BlackElo "1076"]
[WhiteTeam "SG Trier"]
[BlackTeam "SG Porz"]
[WhiteFideId "1270773"]
[EventCountry "GER"]
[EventRounds "7"]
[EventType "team-swiss"]
[EventDate "2010.12.26"]

1. e4 e5 2. Nf3 Nc6 3. Bc4 Bc5 4. c3 Nf6 5. d4 exd4 6. cxd4 Bb4+ 7. Bd2 Bxd2+
8. Nbxd2 d5 9. exd5 Nxd5 10. Qb3 Qe7+ 11. Kd1 Nf4 12. Re1 Ne6 13. d5 Ncd8 14.
dxe6 Nxe6 15. Nd4 O-O 16. Nxe6 Re8 17. f4 g6 18. f5 fxe6 19. Bxe6+ Bxe6 20.
Rxe6 Qf7 21. Rxe8+ Rxe8 22. Qxf7+ Kxf7 23. fxg6+ hxg6 24. Rc1 c6 25. Rc3 Re5
26. Rb3 b6 27. Ra3 a5 28. Rc3 c5 29. Rb3 Re6 30. Nc4 a4 31. Rxb6 Re4 32. Nd6+
Kf6 33. Nxe4+ Kf5 34. Nxc5 g5 35. Nxa4 Kf4 36. Rb4+ Ke3 37. Kc2 Kf2 38. Rg4 Ke3
39. Kc3 Ke2 40. Rg3 Kf2 41. Kd4 g4 42. Ke4 Ke2 43. Rxg4 Kd2 44. Rg3 Ke2 45. Rf3
Kd2 46. Re3 Kc2 47. Rd3 Kb1 48. a3 Kc2 49. Kd4 Kb1 50. b4 Kc2 51. Kc4 Kc1 52.
Kc3 Kb1 53. Rd2 Kc1 54. g3 Kb1 55. Rc2 Ka1 56. Kb3 Kb1 57. Nc3+ Ka1 58. Ra2#
1-0

[Event "DVM U12 2010"]
[Site "Templin OT Groß Dölln GER"]
[Date "2010.12.30"]
[Round "7"]
[White "Birnkraut, Tim"]
[Black "Böhning, Kilian"]
[Result "1/2-1/2"]
[Termination "normal"]
[Board "7.1"]
[WhiteElo "1686"]
[BlackElo "1688"]
[WhiteTeam "SF Brackel"]
[BlackTeam "Hagener SV"]
[WhiteFideId "24609587"]
[BlackFideId "1270499"]
[EventCountry "GER"]
[EventRounds "7"]
[EventType "team-swiss"]
[EventDate "2010.12.26"]

1. e4 {[%emt 0:00:00]} d5 2. exd5 Qxd5 3. Nc3 Qa5 4. Nf3 Bg4 5. Be2 Nf6 6. h3
Bh5 7. O-O e6 8. d4 Nc6 9. Be3 O-O-O 10. a3 Nd5 11. Nxd5 Qxd5 12. c4 Qd7 13.
Ne5 Nxe5 14. dxe5 Qxd1 15. Bxd1 Bxd1 16. Raxd1 Be7 17. g3 b6 18. Kg2 Kb7 19.
Kf3 c5 20. Ke4 Kc6 21. f4 f5+ 22. Kf3 h6 23. Rg1 h5 24. h4 a6 25. Ke2 b5 26.
Rc1 Rd7 27. Rgd1 Rhd8 28. Rxd7 Rxd7 29. Rc3 b4 30. axb4 cxb4 31. Rd3 Rc7 32. b3
a5 33. Rd1 Rc8 34. Ra1 Ra8 35. Kd3 Bc5 36. Bxc5 Kxc5 37. Ke3 a4 38. Rxa4 Rxa4
39. bxa4 Kxc4 40. Kd2 b3 41. a5 Kb5 42. a6 Kxa6 43. Kc3 Ka5 44. Kxb3 Kb5 45.
Ka3 Kc4 46. Ka4 Kc5 1/2-1/2

[Event "DVM U12 2010"]
[Site "Templin OT Groß Dölln GER"]
[Date "2010.12.30"]
[Round "7"]
[White "Laubrock, Paul"]
[Black "Wastian, Jan"]
[Result "0-1"]
[Termination "normal"]
[Board "7.2"]
[WhiteElo "1377"]
[BlackElo "1409"]
[WhiteTeam "Hagener SV"]
[BlackTeam "SF Brackel"]
[WhiteFideId "1270509"]
[BlackFideId "12911640"]
[EventCountry "GER"]
[EventRounds "7"]
[EventType "team-swiss"]
[EventDate "2010.12.26"]

1. d4 {[%emt 0:00:00]} d5 2. Bf4 Nf6 3. f3 e6 4. Qd2 Bd7 5. Nc3 c5 6. e3 Nc6 7.
Nge2 a6 8. g4 b5 9. Ng3 Qa5 10. h4 b4 11. Nd1 Be7 12. Nf2 c4 13. c3 bxc3 14.
Qxc3 Bb4 0-1

[Event "DVM U12 2010"]
[Site "Templin OT Groß Dölln GER"]
[Date "2010.12.30"]
[Round "7"]
[White "Seibert, David"]
[Black "Balazs, Balint"]
[Result "1-0"]
[Termination "normal"]
[Board "7.3"]
[WhiteElo "1106"]
[BlackElo "1300"]
[WhiteTeam "SF Brackel"]
[BlackTeam "Hagener SV"]
[WhiteFideId "12945641"]
[BlackFideId "12922757"]
[EventCountry "GER"]
[EventRounds "7"]
[EventType "team-swiss"]
[EventDate "2010.12.26"]

1. e4 d5 2. exd5 Qxd5 3. Nc3 Qa5 4. d4 Nf6 5. Bc4 Bf5 6. b4 Qxb4 7. Qf3 Qxc4 8.
Nge2 e6 9. Qxb7 Qc6 10. Qc8+ Ke7 11. Ba3+ Qd6 12. Bxd6+ Kxd6 13. Qb7 Kd7 14.
Qxa8 Nc6 15. Qb7 Bb4 16. Qb5 Rb8 17. Qa4 Kd6 18. O-O Rb6 19. Rab1 a5 20. a3
Bxc3 21. Rxb6 cxb6 22. Nxc3 e5 23. dxe5+ Nxe5 24. Rd1+ Ke6 25. Re1 Kd6 26. Qd4+
Nd5 27. Qxd5+ Kc7 28. Qxe5+ Kc6 29. Qd5+ Kc7 30. Qxf5 b5 31. Nxb5+ Kb6 32. c4
f6 33. Qe6+ Kc5 34. Rc1 a4 35. Qd6# 1-0

[Event "DVM U12 2010"]
[Site "Templin OT Groß Dölln GER"]
[Date "2010.12.30"]
[Round "7"]
[White "Hoppe, Andreas"]
[Black "Thiemann, Marc"]
[Result "1-0"]
[Termination "normal"]
[Board "7.4"]
[WhiteElo "1193"]
[BlackElo "1099"]
[WhiteTeam "Hagener SV"]
[BlackTeam "SF Brackel"]
[WhiteFideId "12922811"]
[EventCountry "GER"]
[EventRounds "7"]
[EventType "team-swiss"]
[EventDate "2010.12.26"]

1. d4 c5 2. dxc5 Nf6 3. f3 e5 4. e4 Bxc5 5. Nc3 Bb4 6. Nge2 O-O 7. Be3 d5 8.
exd5 Nxd5 9. Qd2 Nxe3 10. Qxe3 Nc6 11. Ng3 f5 12. Bc4+ Kh8 13. Qe2 Nd4 14. Qd2
b5 15. Bd3 Be6 16. O-O f4 17. Nge4 Bf5 18. Rfe1 Qd7 19. Nf2 Nc6 20. Rad1 Rad8
21. Re2 Rfe8 22. Bxb5 Qc7 23. Qe1 Rxd1 24. Qxd1 Rd8 25. Rd2 Nd4 26. Bd3 Bxd3
27. Rxd3 Qe7 28. Ne2 Bc5 29. Nxd4 Bxd4 30. c3 Bxf2+ 31. Kxf2 Qc5+ 32. Ke1 Qg1+
33. Ke2 Qxg2+ 34. Ke1 Qg1+ 35. Ke2 Qxh2+ 36. Ke1 Qh1+ 37. Ke2 Qxd1+ 38. Rxd1
Rxd1 39. Kxd1 g5 40. a4 Kg7 41. b4 Kf7 42. c4 h5 43. a5 Ke7 44. b5 Kd7 45. c5
Kc7 46. b6+ axb6 47. cxb6+ Kb7 48. Ke2 g4 49. Kf2 e4 50. fxe4 h4 51. Kg2 h3+
52. Kh2 f3 53. Kg3 0-1

[Event "DVM U12 2010"]
[Site "Templin OT Groß Dölln GER"]
[Date "2010.12.30"]
[Round "7"]
[White "Hamid, Emran"]
[Black "Ridder, David"]
[Result "0-1"]
[Termination "normal"]
[Board "8.1"]
[WhiteElo "1750"]
[BlackElo "1476"]
[WhiteTeam "SC Pforzheim"]
[BlackTeam "SG Turm Raesfeld/Erle"]
[WhiteFideId "12903566"]
[BlackFideId "12964867"]
[EventCountry "GER"]
[EventRounds "7"]
[EventType "team-swiss"]
[EventDate "2010.12.26"]

1. c4 e6 2. g3 Nf6 3. Bg2 c5 4. Nc3 d5 5. Nf3 d4 6. Nb1 Nc6 7. O-O Bd6 8. d3
O-O 9. a3 e5 10. Nbd2 Bf5 11. Nh4 Qd7 12. Nxf5 Qxf5 13. Ne4 Nxe4 14. Bxe4 Qd7
15. f4 f5 16. Bg2 Rae8 17. fxe5 Nxe5 $11 18. b4 b6 19. Bd2 Qe7 20. b5 Ng4 21.
Bf3 Nxh2 22. Kxh2 Qh4+ 23. Kg1 Bxg3 24. Bd5+ Kh8 25. Kg2 Qh2+ 26. Kf3 Bh4 0-1

[Event "DVM U12 2010"]
[Site "Templin OT Groß Dölln GER"]
[Date "2010.12.30"]
[Round "7"]
[White "Tünte, Marcel"]
[Black "Hartmann, Martin"]
[Result "1/2-1/2"]
[Termination "normal"]
[Board "8.2"]
[WhiteElo "1300"]
[BlackElo "1259"]
[WhiteTeam "SG Turm Raesfeld/Erle"]
[BlackTeam "SC Pforzheim"]
[WhiteFideId "12964875"]
[BlackFideId "12911925"]
[EventCountry "GER"]
[EventRounds "7"]
[EventType "team-swiss"]
[EventDate "2010.12.26"]

1. e4 {[%emt 0:00:00]} d5 2. exd5 Qxd5 3. Nc3 Qa5 4. Nf3 Bg4 5. Bc4 e6 6. h3
Bf5 7. d3 c6 8. O-O Nf6 9. Bf4 Be7 10. a3 Nbd7 11. Re1 O-O 12. Qd2 Qd8 13. Rad1
Nb6 14. Bb3 Nbd5 15. Bxd5 cxd5 16. Nh4 Bg6 17. Nxg6 hxg6 18. d4 Nh5 19. Ne2
Nxf4 20. Qxf4 Bg5 21. Qf3 Qc7 22. Qg4 Bh6 23. Nc3 Qb6 24. Rb1 Bd2 25. Red1 Bxc3
26. bxc3 Qc7 27. Rb3 a5 28. Qg3 Qxg3 29. fxg3 Rfc8 30. a4 Rc7 31. Rdb1 Rac8 32.
Rxb7 Rxc3 33. R7b5 Rxc2 34. Rxa5 R2c4 35. Rd1 Rb8 36. Ra7 Rbb4 37. Ra8+ Kh7 38.
Ra7 Rxa4 39. Rxf7 Rxd4 40. Rxd4 Rxd4 41. Re7 Re4 42. Kf2 d4 43. Kf3 Re3+ 44.
Kf2 e5 45. h4 e4 46. Re5 Kg8 47. Rd5 Rd3 48. g4 e3+ 49. Ke1 Rd2 50. g3 d3 51.
Re5 Re2+ 52. Kd1 Kf7 53. g5 Kf8 54. g4 Rg2 55. Rxe3 Rxg4 56. Rxd3 Rxh4 57. Re3
Rh1+ 58. Ke2 Rg1 59. Re5 Kf7 60. Kf3 1/2-1/2

[Event "DVM U12 2010"]
[Site "Templin OT Groß Dölln GER"]
[Date "2010.12.30"]
[Round "7"]
[White "Shabani, Shabi"]
[Black "Tünte, Hendrik"]
[Result "1-0"]
[Termination "normal"]
[Board "8.3"]
[WhiteElo "1233"]
[BlackElo "1267"]
[WhiteTeam "SC Pforzheim"]
[BlackTeam "SG Turm Raesfeld/Erle"]
[BlackFideId "12964883"]
[EventCountry "GER"]
[EventRounds "7"]
[EventType "team-swiss"]
[EventDate "2010.12.26"]

1. e4 {[%emt 0:00:00]} e5 2. Nf3 Nc6 3. Bc4 Bc5 4. d3 d6 5. Nc3 Nf6 6. Be3 Bb6
7. h3 Be6 8. Bb3 Qd7 9. Qd2 Bxe3 10. fxe3 O-O-O 11. O-O Rdf8 12. Ng5 h6 13.
Nxe6 fxe6 14. d4 exd4 15. exd4 e5 16. dxe5 Nxe5 17. Rae1 g5 18. Nd5 Nxd5 19.
Rxf8+ Rxf8 20. Qxd5 b6 21. Qa8# 1-0

[Event "DVM U12 2010"]
[Site "Templin OT Groß Dölln GER"]
[Date "2010.12.30"]
[Round "7"]
[White "Hoffmann, Fabian"]
[Black "Schesler, Rudolf"]
[Result "1-0"]
[Termination "normal"]
[Board "8.4"]
[WhiteElo "1262"]
[BlackElo "841"]
[WhiteTeam "SG Turm Raesfeld/Erle"]
[BlackTeam "SC Pforzheim"]
[WhiteFideId "12964891"]
[EventCountry "GER"]
[EventRounds "7"]
[EventType "team-swiss"]
[EventDate "2010.12.26"]

1. e4 e5 2. Nf3 Nc6 3. Bc4 Nd4 4. Nxd4 exd4 5. c3 dxc3 6. Nxc3 Nf6 7. d4 Bb4 8.
Qb3 Bxc3+ 9. bxc3 Nxe4 10. Bxf7+ Ke7 11. O-O Rf8 12. Re1 Rxf7 13. Bg5+ Rf6 14.
Rxe4+ Kf8 15. Rae1 b6 16. Bxf6 gxf6 17. Rh4 Bb7 18. Rxh7 d5 19. Rh8+ Kg7 20.
Rxd8 Rxd8 21. Re7+ Kf8 22. Rxc7 Re8 23. h4 Bc8 24. Qxd5 Be6 25. Qh5 Bg8 26.
Qh6# 1-0

[Event "DVM U12 2010"]
[Site "Templin OT Groß Dölln GER"]
[Date "2010.12.30"]
[Round "7"]
[White "Vergin, Marcel"]
[Black "Reale, Salvatore"]
[Result "1/2-1/2"]
[Termination "normal"]
[Board "9.2"]
[WhiteElo "1182"]
[BlackElo "1332"]
[WhiteTeam "SV Breitenworbis"]
[BlackTeam "LSV Turm Lippstadt"]
[EventCountry "GER"]
[EventRounds "7"]
[EventType "team-swiss"]
[EventDate "2010.12.26"]

1. d4 d5 2. Nf3 e6 3. e3 g6 4. Bd3 Nf6 5. Nbd2 Bg7 6. O-O O-O 7. e4 Ne8 8. c3
Nc6 9. Re1 Nd6 10. h3 f5 11. e5 Ne4 12. Bc2 b6 13. Nh2 Qh4 14. Nxe4 fxe4 15. f3
Bb7 16. fxe4 Qf2+ 17. Kh1 Ne7 18. b3 dxe4 19. Bxe4 Bxe4 20. Rxe4 Nf5 21. Ng4
Ng3+ 22. Kh2 Nf1+ 23. Kh1 Ng3+ 1/2-1/2

[Event "DVM U12 2010"]
[Site "Templin OT Groß Dölln GER"]
[Date "2010.12.30"]
[Round "7"]
[White "Pusch, Moritz"]
[Black "Schirmer, Christoph"]
[Result "1/2-1/2"]
[Termination "normal"]
[Board "9.3"]
[WhiteElo "832"]
[BlackElo "1086"]
[WhiteTeam "LSV Turm Lippstadt"]
[BlackTeam "SV Breitenworbis"]
[EventCountry "GER"]
[EventRounds "7"]
[EventType "team-swiss"]
[EventDate "2010.12.26"]

1. e4 e5 2. Nf3 d6 3. d3 Be7 4. Be3 Nf6 5. Be2 O-O 6. O-O Be6 7. Nc3 Nc6 8. h3
h6 9. Qd2 Re8 10. Rfe1 Nh7 11. Qd1 Bg5 12. Bxg5 Nxg5 13. Nxg5 Qxg5 14. Bg4 Bxg4
15. hxg4 Nd4 16. Nd5 Rac8 17. c3 Ne6 18. Ne3 c6 19. Nc4 Red8 20. Ne3 d5 21.
exd5 cxd5 22. d4 exd4 23. cxd4 1/2-1/2

[Event "DVM U12 2010"]
[Site "Templin OT Groß Dölln GER"]
[Date "2010.12.30"]
[Round "7"]
[White "Richardt, Angelina"]
[Black "Stryschik, Tobias"]
[Result "1-0"]
[Termination "normal"]
[Board "9.4"]
[WhiteElo "1101"]
[BlackElo "825"]
[WhiteTeam "SV Breitenworbis"]
[BlackTeam "LSV Turm Lippstadt"]
[WhiteFideId "12938149"]
[EventCountry "GER"]
[EventRounds "7"]
[EventType "team-swiss"]
[EventDate "2010.12.26"]

1. e4 e5 2. Nf3 Nc6 3. Bc4 Bc5 4. c3 Nf6 5. d3 Ng4 6. O-O d6 7. h3 Nf6 8. b4
Bb6 9. a4 Be6 10. Bxe6 fxe6 11. a5 Bxf2+ 12. Rxf2 h6 13. Bb2 g5 14. Nh2 Rg8 15.
Qf3 d5 16. Qxf6 Qxf6 17. Rxf6 g4 18. Nxg4 dxe4 19. dxe4 Ne7 20. Rxh6 b6 21.
Nf6+ Kd8 22. Nxg8 Nxg8 23. Rxe6 bxa5 24. Rxa5 Ne7 25. Raxe5 a5 26. Rxe7 axb4
27. cxb4 Ra2 28. Bc3 Re2 29. h4 Re3 30. h5 Rd3 31. h6 Rd1+ 32. Kh2 Rxb1 33. h7
Kc8 34. Rb5 Kd8 35. Rg7 1-0